000 00576nam a2200253Ia 4500
001 13283
003 25762
005 20250306062539.0
008 ||||||n9999 ||| || ||
041 _afre
082 _219
_a335.4
100 _aCaillois, Roger, 1913-1978
_921530
245 0 _aDescription du marxisme
260 _aFrancia :
_bGallimard,
_c1950.
300 _a60p.
562 _e1
650 0 _aMarxismo
_9776
650 _aPOLÍTICAS
_921531
650 0 _aEconomía
_9207080
942 _cBKM
999 _c13283
_d13283
526 _a4969
526 _a51868
526 _a1697